01262nam a22002417a 450000100060000000300080000600500170001400800410003102000180007203500190009004000260010904100080013508200310014324501160017426001000029030000390039050503150042965000420074470000420078694200130082899900170084195201620085828163BD-RjUL20211209051239.0140329s2011 ii a 000 0 eng d a9788171394265 a(BD-RjUL)28244 aBD-RjULbengcBD-RjUL aeng 222aR 155.03bWOR V-6 20111 aWorld encyclopaedia of behavioural sciences /cUttam Kumar Singh [...et al].nVolume 6pOrganisational studies. aNew Delhi :bJnanada Prakashan in association with the Global Open University, Nagaland,cc2011 axx, 1809-2208 p. :bill. ;c25 cm. av. 1. Introduction to behavioural sciences -- v. 2. Human and group behaviour -- v. 3. Personality, perception and organisational change -- v. 4. Organisational and learning theories -- v. 5. Leadership, values and transactional analysis -- v. 6. Organisational studies -- v. 7. Conflict and stress management. 0aHuman behavior986152vEncyclopeadias1 aSingh, Uttam Kumar [...et al].986153 2ddccREF c28163d28163 00102ddc40728REFaRUCLbRUCLcReferenced2014-03-27eDhaka, Trim Education.g3371.43l0oR 155.03 WOR V-6 2011r2014-03-29 00:00:00tC-1w2014-03-29yREF